02038nam a2200481 i 450000100060000000300090000600500170001500800390003201500170007102000150008804000410010304600090014408000110015308000150016410000440017924501450022326000560036830000610042433600270048533700540051233800280056638000160059438000230061038800140063338800140064749000370066150400480069852103140074665000160106065000140107665000240109065000330111465500160114765800280116370000380119171000410122983000360127085600980130694200120140499900170141695200490143395200740148220498KOSZ 00520200903120203.0200807s1982 pl a f 001 0 pol aPB 1982/5677 a8301028416 aWA NcWA NdKOSZ 005/HRdKOSZ 005/RW k1982 a621.01 a624.01/.071 aWoźniak, Czesławd(1931-2015)eAutor10aNieliniowa mechanika konstrukcji /cCzesław Woźniak i Michał Kleiber ; Polska Akademia Nauk, Instytut Podstawowych Problemów Techniki. aWarszawa :bPaństwowe Wydawnictwo Naukowe,c1982. a309, [1] stron :bilustracje, tablice, wykresy ;c25 cm. aTekstbtxt2rdacontent aBez urządzenia pośredniczącegobn2rdamedia aWoluminbnc2rdacarrier aKsiążki aPublikacje naukowe1 a1901-20001 a1945-19891 aBiblioteka Mechaniki Stosowanej. aBibliografia na stronach [305]-309. Indeks.8 aKsiążka jest przeznaczona dla inżynierów zajmujących się statyką i dynamiką konstrukcji, dla studentów ostatnich lat studiów odpowiednich kierunków, dla uczestników studiów podyplomowych i doktorantów, a także dla pracowników nauki zajmujących się zastosowaniami mechaniki. 7aKonstrukcje 7aMechanika 7aModele matematyczne 7aZastosowanie i wykorzystanie 7aOpracowanie aInżynieria i technika1 aKleiber, Michałd(1946- )eAutor2 aPaństwowe Wydawnictwo Naukowe4pbl 0aBiblioteka Mechaniki Stosowanej uhttp://koha.tu.koszalin.pl/cgi-bin/koha/opac-detail.pl?biblionumber=20498yKatalog online BPK 2UKDcKS c20498d20498 00104070aBPKbBPKcwo28889p01176582yKS 00104070aBPKbBPKcwo118644p02660813q2025-07-20s2020-11-17yKS